| 000 | 00428nam a22001577a 4500 | ||
|---|---|---|---|
| 999 |
_c1524 _d1524 |
||
| 008 | 150530b xxu||||| |||| 00| 0 eng d | ||
| 020 | _a0521498589 | ||
| 050 | _aQC 23 .R69 1995 | ||
| 100 | _aPowell, Gilbert. | ||
| 245 |
_aPhysics/ _cPowell, Gilbert. |
||
| 260 |
_aCambridge : _bCambridge University Press, _c1995. |
||
| 300 |
_avi,149p. : _bill. ; _c28 cm. |
||
| 650 | _aPhysics. | ||
| 942 |
_2lcc _cBOOKS _hQC 23 .R69 1995 _01 |
||